| 000 | 00555nam a2200205Ia 4500 | ||
|---|---|---|---|
| 008 | 131103s9999 xx 000 0 und d | ||
| 020 | _cRs.10 | ||
| 040 | _aLoreto College | ||
| 041 | _aEnglish | ||
| 082 |
_a791.4/BAW _bLCLIB/25755 |
||
| 100 | _aBawa,Mohan | ||
| 245 |
_aActors and acting _b 14 candia interviews _cMohan Bawa; with illustrations by Mario |
||
| 260 |
_aBombay _bIndia Book House _c1978 |
||
| 300 |
_a184 p. _b ill. _c 18 cm. |
||
| 650 | _aFilm | ||
| 651 | _aMotion Picture | ||
| 700 | _aMario,ill. | ||
| 850 | _aLCLIB | ||
| 942 | _cBK | ||
| 999 |
_c7222 _d57701 |
||